000 01458cam a2200361 a 4500
001 000013018
003 DO-SdBNP
005 20260206121805.0
008 800204s1973 ve b f100 0 spa
035 _a(DLC) 79118313
040 _aDO-SdBNP
_bspa
_cDLC
_dDLC
_dBNPHU
049 _aBNGR
082 _a364.94971
_bC732i
111 2 _a International Congress of Criminology,
_n(7o :
_d1973 :
_cBelgrad, Yugoslavia)
_930034
245 1 0 _aVII Congreso Internacional de Criminología :
_bBelgrado, Yugoslavia, 17-22 septiembre 1973 /
_cM. Milutinovic ... [et. al.].
246 3 _a7 Congreso Internacional de Criminología
260 _aCaracas :
_bUniversidad Central de Venezuela :
_bFacultad de Ciencias Jurídicas y Políticas :
_bInstituto de Ciencias Penales y Criminológicas,
_c1973.
300 _a206 p. :
_bil.,
_c22 cm.
490 0 _aColección Cuadernos - Universidad Central de Venezuela, Instituto de Ciencias Penales y Criminológicas ;
_v4
504 _aBibliografía: p. 204-[207].
650 7 _aCriminología
_917089
_vCongresos, conferencias, etc.
700 1 _aMilutinovic, Milan.
_930037
700 1 _aChristie, N.
_930038
700 1 _aShoham, S.
_930039
700 1 _aSchipkowensky, N. S.
_930040
700 1 _aFreeman, J.
_930041
700 1 _aCanepa, G.
_930042
700 1 _aKellens, G.
_930043
700 1 _aFavard-Drilloux, A. M.
_930044
700 1 _aCanestri, F.
_930045
700 1 _aSzabo, D.
_930046
942 _2ddc
_cLBS1
999 _c12665
_d12665